000 00415nam a22001571c 4500
001 a987683848
008 051017s1955 gw |||| 000u ger d
041 _ager
100 1 _aEyck, Erich
245 0 0 _aBismarck und das Deutsche Reich /
_cErich Eyck
264 _aErlenbach-Zürich ; Stuttgart :
_bRentsch,
_c1955
300 _a416 S. : 6 Taf ; gr. 8
942 _cMG
040 _cRU-10907106
003 RU-10907106
999 _c14313
_d14313